LIBRARY & INFORMATION CENTRE, KCAET, TAVANUR

ONLINE PUBLIC ACCESS CATALOGUE (OPAC)

MCQ's in agriculture engineering (Record no. 15472)

MARC details
000 -LEADER
fixed length control field 00292nam a22001217a 4500
020 ## - INTERNATIONAL STANDARD BOOK NUMBER
ISBN 9789386546302
082 ## - DEWEY DECIMAL CLASSIFICATION NUMBER
Classification number 631.1
Item number BRA/MC
100 ## - MAIN ENTRY--AUTHOR NAME
Personal name Brajendra
245 ## - TITLE STATEMENT
Title MCQ's in agriculture engineering
260 ## - PUBLICATION, DISTRIBUTION, ETC. (IMPRINT)
Place of publication New Delhi
Name of publisher My Research Publication
Year of publication 2018
300 ## - PHYSICAL DESCRIPTION
Number of Pages 196
942 ## - ADDED ENTRY ELEMENTS (KOHA)
Koha item type Books
Holdings
Withdrawn status Lost status Damaged status Collection code Home library Current library Shelving location Date acquired Source of acquisition Cost, normal purchase price Full call number Accession Number Koha item type
        KAUAET KAUAET General Stacks 31/03/2018 Vigyan Books 200.00 631.1 BRA/MC 25696 Books
        KAUAET KAUAET General Stacks 31/03/2018 Vigyan Books 200.00 631.1 BRA/MC 25697 Books
        KAUAET KAUAET General Stacks 31/03/2018 Vigyan Books 200.00 631.1 BRA/MC 25698 Books
        KAUAET KAUAET General Stacks 31/03/2018 Vigyan Books 200.00 631.1 BRA/MC 25699 Books
free website counter